• 首页
  • 本馆介绍
  • 公告通知
  • 最新文献
  • 馆藏检索
  • 电子资源
  • 读者导购
  • 参考咨询
  • 我的图书馆
  • 登录
  • 详细信息显示
  • 放入我的书架
  • 预约/预借图书
  • 作者相关作品
  • 分类相关作品
  • 丛书相关作品
  • 出版社相关作品

书目信息

  • 表格格式
  • 工作单格式
  • 卡片格式
题名:
小孙学变频
    
 
作者: 张燕宾 编著
分册:  
出版信息: 北京   中国电力出版社  2015.5
页数: 358页
开本: 26cm
丛书名:
单 册:
中图分类: TN773
科图分类:
主题词: 变频器--基本知识
电子资源:
ISBN: 978-7-5123-7537-6
000 00944nam0 2200253 450
001 0400004767
005 20171026152111.15
010    @a978-7-5123-7537-6@dCNY60.00
100    @a20150814e20172015em y0chiy50 ea
101 0  @achi
102    @aCN@b110000
105    @ay z 000yy
106    @ar
200 1  @a小孙学变频@9xiao sun xue bian pin@f张燕宾编著
205    @a第2版
210    @a北京@c中国电力出版社@d2015.5@h2017.1
215    @a358页@d26cm
314    @a张燕宾 (1937-),男,毕业于上海电机学院的工业企业自动化专业和吉林函授学院的数学系,高级工程师。
330    @a本书以谈话的方式介绍变频器的主电路、变频调速系统的带负载能力、变频器的主要功能、变频调速系统的设计与应用,以及各类生产机械的变频调速实例等,与第一版相比,对读者咨询较多的问题进行详细解答。
606 0  @a变频器@x基本知识
690    @aTN773@v5
701  0 @a张燕宾@9zhang yan bin@f(1937-)@4编著
801  0 @aCN@b91MARC@c20171025
905    @b1039240-1,3-4,D2@dTN773@f5@e100=2
    
    小孙学变频/张燕宾编著.-第2版.-北京:中国电力出版社,2015.5(2017.1)
    358页;26cm
    
    
    ISBN 978-7-5123-7537-6:CNY60.00
    本书以谈话的方式介绍变频器的主电路、变频调速系统的带负载能力、变频器的主要功能、变频调速系统的设计与应用,以及各类生产机械的变频调速实例等,与第一版相比,对读者咨询较多的问题进行详细解答。
●
相关链接 在E读中查询图书 在五车中查询图书 在当当中查询图书 在豆瓣中查询图书


正题名:小孙学变频     索取号:TN773/100=2         预约/预借

序号 登录号 条形码 馆藏地/架位号 状态 备注
1 1039240   210392403   第三借阅区/ [索取号:TN773/100=2] 在馆    
2 1039241   210392412   密集书库-物理学院/ [索取号:TN773/100=2] 在馆    
3 1039242   210392421   第二样本阅览室/ [索取号:TN773/100=2] 在馆    
4 1039243   210392430   第三借阅区/ [索取号:TN773/100=2] 在馆    
5 1039244   210392449   第三借阅区/ [索取号:TN773/100=2] 在馆    
欢迎您!
大连网信软件有限公司© 版权所有